|
|
|
|
| LEADER |
00000ny a22000003n 4500 |
| 005 |
20110615115546.0 |
| 008 |
011115s2001 sp s 000 spa c |
| 017 |
|
|
|a NA1527-2001
|
| 020 |
|
|
|a 8476986297
|
| 035 |
|
|
|a 1122
|
| 040 |
|
|
|a UMA.DER
|d vLex
|
| 040 |
|
|
|a UMA.RE
|d vLex
|
| 080 |
|
|
|a 347.451(460)
|
| 090 |
|
|
|c 695
|d 695
|
| 100 |
1 |
|
|a Cano Martn̕ez de Velasco, Jos ̌Ignacio
|
| 245 |
1 |
3 |
|a La reserva de dominio o la accin̤ publiciana
|h [Recurso electrn̤ico]
|c Jos ̌Ignacio Cano Martn̕ez de Velasco
|
| 256 |
|
|
|a Servicio en ln̕ea
|
| 260 |
|
|
|a Barcelona :
|b J.M.Bosch,
|c cop. 2001
|
| 300 |
|
|
|a 136 p. ;
|c 24 cm
|
| 504 |
|
|
|a Bibliogr.: p.[129]-134
|
| 504 |
|
|
|a âIndice
|
| 506 |
1 |
|
|a Contenido solo disponible en los productos indicados
|d vLex Global
|d vLex Global (Academic Edition, excluding Law Schools)
|d vLex Global (U.S. Academic Edition, Law Schools)
|d vLex Global (U.S. Academic Edition, excluding Law Schools)
|d vLex Global (Academic Edition, Law Schools)
|
| 650 |
0 |
7 |
|a Derecho de propiedad
|2 Tesauro vLex
|
| 650 |
0 |
7 |
|a Inmobiliario y registral
|2 Tesauro vLex
|
| 650 |
0 |
7 |
|a Clùsula de reserva de dominio
|2 Tesauro vLex
|
| 650 |
0 |
7 |
|a Reserva de dominio
|2 Tesauro vLex
|
| 740 |
0 |
|
|a vLex Libros (Servicios en ln̕ea)
|
| 856 |
4 |
0 |
|u http://vlex.com/source/1122
|z Acceso restringido
|
| 942 |
|
|
|c BOOK
|
| 999 |
0 |
|
|a Right of property
|b Barcelona
|